00274pab a2200109 454500008003600000100001600036245004000052650001800092650001900110650001500129773002000144180718b xxu||||| |||| 00| 0 eng d aPrabhu, A.N aCan bulls be caught by their horns? a Stock-Market a Mehta Harshad aCorruption aHindustan Times